000 01119nam a22002895b 4500
001
003 DO-SdBPM
005 20250113124816.0
008 920624s1992 sp | |||| ||spa
017 _a
_b
020 _a8447100022
040 _aDO-SdBPM
_bspa
_cBPMSU
_e
082 4 _aCo863.6
_bH731i 1992
_222
100 1 _aHolguín, Elvira
_d1960-
245 1 4 _aLas increíbles aventuras de Don Quijote /
_cde Miguel de Cervantes ; adaptación textos, Elvira Holguín ; ilustraciones de Miguel Díaz ... et al.
_h
246 1 2 _aDon Quijote es armando caballero
260 _aSant Boi de Llobregat, Barcelona
_bSalvat,
_c1992-
300 _a 25]; p.
_bil.
_c28 cm
490 4 _aDon Quijoete es armando caballero de la Mancha ,
_v2
590 _aInventariado, 2025/VM
600 1 4 _aCervantes Saavedra, Miguel de
_d1547-1616
_tLas increíbles aventuras de Don Quijote
_xAdaptaciones infantiles
_2
650 4 _aCuentos infantiles colombianos
650 4 _aLibros ilustrados para niños
700 1 _aDíaz, Miguel
_biustraciones
_d1930-
910 _aVMateo V. Control de calidad. BPMSU
942 _2ddc
_cBK
999 _c12443
_d12443